Villes les plus visitées sur Google Street View - Statistiques

Statistiques générales
  • Ce quiz a été pris 149 fois
  • Le résultat moyen est 6 sur 10
Statistiques - réponses
Continent Ville % Correct
Amérique du Nord New York
98%
Asie Tokyo
95%
Europe Paris
93%
Amérique du Sud Buenos Aires
60%
Amérique du Nord Mexico
60%
Amérique du Sud São Paulo
58%
Asie Jakarta
41%
Asie Istanbul
31%
Asie Osaka
27%
Asie Taipei
23%
Aucun quiz correspondant
Distribution des résultats
% des personnes avec chaque résultat
Percentile par nombre de réponses
Votre historique - résultats
Vous n’avez pas pris ce quiz